zpět

Detail výsledku týmu

Terasa Smíchov OPEN AIR, Praha

Datum a čas kvízu

35 Celkem bodů Celkový počet nahraných bodů na tomto kvízu bez doplňovacích otázek.
7. Pořadí na kvízu Konečné umístění týmu na tomto kvízu.

Zaznamenané odpovědi

# Otázka Odpověď Body Výsledky
1. Zubní lékařka Mariam Szyja z K... prodávala na netu své erotické fotografie 1
2. Princezna Martha Louise se v s... v Norsku 1
3. Která zahraniční kapela minulý... Oasis 1
4. Česká pošta oznámila, že od ří... Balíkovna 1
5. Fotbalisté Sparty Praha se po... Lukáš Haraslín 1
6. Téma začneme stavbou, které mn... Václav Aulický 1
7. Žebříčků hodnotících nejoškliv... jako hotel 0
8. Nyní se ptáme na evropského vů... Nicolae Ceaușescu, Rumunsko 1
9. I Slovensko má svého zástupce... Martina Šimkovičová 1
10. V této londýnské budově sídlí... MI6 0